000 00844nam a2200265 i 4500
001 000046414
003 DO-SdBNP
005 20250904103922.0
007 ta
008 150811s190? dr a 000 spa d
040 _aDO-SdBNP
_bspa
_cBNPHU
_erda
041 _aspa
082 4 _axxx
_bS498T
_222
100 _aTolentino, Marianne de,
_eautor
_4aut.
_915222
245 1 0 _aLa nueva aproximación pictórica de Jorge Severino /
_cMarianne de Tolentino
264 1 _aSanto Domingo
_bEditor no identificado,
_c190?.
300 _a14, 10 páginas ;
_c22 cm.
336 _atexto
_btxt
_2rdacontent
337 _asin mediación
_bn
_2rdamedia
338 _avolumen
_bnc
_2rdacarrier
501 _aDos obras publicadas juntas con paginación invertida o independiente
590 _aInventariado, 2025/BT
910 _aBtavárez
942 _2ddc
_cLF2
999 _c45903
_d45903